00320nam a2200121Ia 4500008004100000024001400041082001700055100002400072245001800096260002500114600002100139650003800160250506s9999 xx 000 0 und d a11B-28-BS a005.1072 HAS aHassam Hussain Khan 0aProject Deals aKarachi:bUIT,c2011 aComputer Science aBachelor of Computer Science (BS)